000
00313nam a22001097a 4500
999
_c
6474
_d
6474
008
190904b ||||| |||| 00| 0 eng d
020
_a
0-13-073148-X
100
_a
COFFEY .E.ROBERT
245
_a
BEHAVIOR IN ORGANIZATIONS: A MULTIDIMENSIONAL VIEW
250
_a
1ST ED
260
_a
ENGLEWOOD CLIFFS
_b
PRENTICE-HALL
_c
1974